[Event "Zlin Region-chT 2223"]
[Site "Czech Republic"]
[Date "2023.01.29"]
[Round "7.2"]
[White "Vesely, Miroslav"]
[Black "Pfeffer, Erik"]
[Result "1/2-1/2"]
[WhiteElo "1954"]
[BlackElo "1967"]
[PlyCount "42"]
[EventDate "2022.10.09"]
[EventType "team-tourn"]
[EventRounds "11"]
[EventCountry "CZE"]
[SourceTitle "EXT 2024"]
[Source "ChessBase"]
[SourceDate "2023.10.10"]
[SourceVersion "1"]
[SourceVersionDate "2023.10.10"]
[SourceQuality "1"]
[WhiteTeam "Zlin II"]
[BlackTeam "Borsice"]
[WhiteTeamCountry "CZE"]
[BlackTeamCountry "CZE"]

1. d4 d5 2. Nf3 Nf6 3. c4 e6 4. Nc3 c6 5. cxd5 exd5 6. Bg5 Be7 7. e3 Qb6 8. Qc2 Na6 9. a3 Nc7 10. Bd3 Ne6 11. Bh4 g6 12. 0-0 Ng7 13. Na4 Qd8 14. Bg3 Bf5 15. Bxf5 Nxf5 16. Be5 0-0 17. Nc5 Bxc5 18. Bxf6 Qxf6 19. Qxc5 Rfd8 20. Rfc1 Nd6 21. Qc2 Qe6 1/2-1/2

[Event "CZE-chT1E 1617"]
[Site "Czech Republic"]
[Date "2017.01.22"]
[Round "6.6"]
[White "Staszko, Martin"]
[Black "Vesely, Miroslav"]
[Result "1/2-1/2"]
[WhiteElo "2051"]
[BlackElo "1938"]
[PlyCount "53"]
[EventDate "2016.10.16"]
[EventType "team-tourn"]
[EventRounds "11"]
[EventCountry "CZE"]
[SourceTitle "CBM 177 Extra"]
[Source "ChessBase"]
[SourceDate "2017.04.27"]
[SourceVersion "1"]
[SourceVersionDate "2017.04.27"]
[SourceQuality "1"]
[WhiteTeam "Trinec"]
[BlackTeam "Zlin"]
[WhiteTeamCountry "CZE"]
[BlackTeamCountry "CZE"]

1. d4 Nf6 2. Nf3 g6 3. g3 Bg7 4. Bg2 d5 5. 0-0 0-0 6. c4 c6 7. b3 Nbd7 8. Bb2 Ne4 9. Nc3 Ndf6 10. Nd2 Nxc3 11. Bxc3 Bf5 12. f3 Bh6 13. f4 Qc8 14. Rc1 Qe6 15. Qe1 g5 16. Kh1 gxf4 17. gxf4 Kh8 18. e3 Rg8 19. Bf3 Ne4 20. Nxe4 Bxe4 21. Qe2 Rg7 22. Rg1 Rag8 23. Rxg7 Rxg7 24. Rg1 Rxg1+ 25. Kxg1 Qg6+ 26. Kf2 Bg7 27. Bxe4 1/2-1/2

[Event "CZE-chT2E 1011"]
[Site "Czech Republic"]
[Date "2011.03.27"]
[Round "10.5"]
[White "Sykora, Jan"]
[Black "Vesely, Miroslav"]
[Result "1-0"]
[WhiteElo "2120"]
[BlackElo "2048"]
[PlyCount "79"]
[EventDate "2010.10.17"]
[EventType "team-tourn"]
[EventRounds "11"]
[EventCountry "CZE"]
[SourceTitle "EXT 2012"]
[Source "ChessBase"]
[SourceDate "2011.11.24"]
[SourceVersion "1"]
[SourceVersionDate "2011.11.24"]
[SourceQuality "1"]
[WhiteTeam "Prostejov"]
[BlackTeam "Zlin III"]
[WhiteTeamCountry "CZE"]
[BlackTeamCountry "CZE"]

1. e4 c5 2. Nf3 Nc6 3. Bb5 d6 4. 0-0 g6 5. d4 Bd7 6. dxc5 dxc5 7. Nc3 Bg7 8. Be3 b6 9. Qd2 Nf6 10. Rad1 a6 11. Bc4 Bg4 12. e5 Qxd2 13. Rxd2 Nd7 14. Bxf7+ Kxf7 15. e6+ Ke8 16. exd7+ Bxd7 17. Nd5 Ra7 18. Nxb6 Bxb2 19. Bxc5 Rb7 20. Rb1 Bc3 21. Rxd7 Rxd7 22. Nxd7 Kxd7 23. Kf1 Ke6 24. Rb3 Bf6 25. c4 Rb8 26. Rxb8 Nxb8 27. Ke2 Nd7 28. Bb4 g5 29. g4 Nf8 30. Ke3 Ng6 31. Ke4 Nf4 32. Bd2 Nh3 33. Be3 h6 34. Nd4+ Bxd4 35. Kxd4 Kd6 36. Ke4 Ke6 37. f3 Kf6 38. Kd5 e6+ 39. Kd6 Nf4 40. Bxf4 1-0

[Event "CZE-chT2E 0809"]
[Site "Czech Republic"]
[Date "2009.02.22"]
[Round "9.6"]
[White "Ciprys, David"]
[Black "Vesely, Miroslav"]
[Result "0-1"]
[WhiteElo "2047"]
[BlackElo "2062"]
[PlyCount "50"]
[EventDate "2008.10.12"]
[EventType "team-tourn"]
[EventRounds "11"]
[EventCountry "CZE"]
[SourceTitle "EXT 2010"]
[Source "ChessBase"]
[SourceDate "2010.11.25"]
[SourceVersion "1"]
[SourceVersionDate "2010.11.25"]
[SourceQuality "1"]
[WhiteTeam "Postorna"]
[BlackTeam "Zlin II"]
[WhiteTeamCountry "CZE"]
[BlackTeamCountry "CZE"]

1. e4 c5 2. Nc3 Nc6 3. f4 g6 4. Nf3 Bg7 5. Bc4 e6 6. 0-0 Nge7 7. d3 0-0 8. f5 d5 9. Bb3 dxe4 10. fxg6 exf3 11. gxh7+ Kh8 12. Qxf3 Nd4 13. Qh5 f5 14. Bh6 Qe8 15. Bxg7+ Kxg7 16. Qg5+ Ng6 17. Rae1 Qd8 18. Qg3 f4 19. h8Q+ Rxh8 20. Rxf4 Nf5 21. Rxf5 exf5 22. Nd5 f4 23. Nxf4 Qd4+ 24. Kh1 Qxf4 25. Re7+ Kh6 0-1

[Event "CZE-chT2E 0809"]
[Site "Czech Republic"]
[Date "2009.01.25"]
[Round "7.7"]
[White "Vesely, Miroslav"]
[Black "Vicenec, Roman"]
[Result "1/2-1/2"]
[WhiteElo "2062"]
[BlackElo "2046"]
[PlyCount "46"]
[EventDate "2008.10.12"]
[EventType "team-tourn"]
[EventRounds "11"]
[EventCountry "CZE"]
[SourceTitle "EXT 2010"]
[Source "ChessBase"]
[SourceDate "2010.11.25"]
[SourceVersion "1"]
[SourceVersionDate "2010.11.25"]
[SourceQuality "1"]
[WhiteTeam "Zlin II"]
[BlackTeam "Sumperk"]
[WhiteTeamCountry "CZE"]
[BlackTeamCountry "CZE"]

1. d4 d5 2. Nf3 Nf6 3. c4 e6 4. Nc3 Be7 5. e3 0-0 6. cxd5 exd5 7. Bd3 Re8 8. 0-0 Nbd7 9. Nd2 c6 10. a3 Bd6 11. Re1 Nf8 12. Nf1 Bg4 13. f3 Bh5 14. Ng3 Bxg3 15. hxg3 Qd6 16. g4 Bg6 17. Bxg6 Nxg6 18. Kf2 Rad8 19. b4 Nd7 20. Rh1 Nb6 21. Qg1 Nc4 22. Qh2 Qxh2 23. Rxh2 Rd7 1/2-1/2

[Event "CZE-chT2E 0809"]
[Site "Czech Republic"]
[Date "2008.12.21"]
[Round "5.7"]
[White "Krca, Milan"]
[Black "Vesely, Miroslav"]
[Result "1/2-1/2"]
[WhiteElo "2090"]
[BlackElo "2062"]
[PlyCount "72"]
[EventDate "2008.10.12"]
[EventType "team-tourn"]
[EventRounds "11"]
[EventCountry "CZE"]
[SourceTitle "EXT 2010"]
[Source "ChessBase"]
[SourceDate "2010.11.25"]
[SourceVersion "1"]
[SourceVersionDate "2010.11.25"]
[SourceQuality "1"]
[WhiteTeam "Stare Mesto II"]
[BlackTeam "Zlin II"]
[WhiteTeamCountry "CZE"]
[BlackTeamCountry "CZE"]

1. e4 c5 2. Nf3 Nc6 3. d4 cxd4 4. Nxd4 e5 5. Nb5 d6 6. c4 Be7 7. N1c3 a6 8. Na3 Be6 9. Be2 Bg5 10. 0-0 Bxc1 11. Rxc1 Nge7 12. Nc2 0-0 13. Ne3 Nd4 14. Bg4 Bxg4 15. Qxg4 Qc8 16. Qxc8 Raxc8 17. Rcd1 g6 18. Rd3 f5 19. b3 b5 20. exf5 gxf5 21. f4 Nec6 22. Ncd5 Kh8 23. Rfd1 Rf7 24. Kf2 Re8 25. g3 Re6 26. Rc1 Rh6 27. Nf1 Re6 28. cxb5 axb5 29. Rdc3 Ne7 30. Rc7 Kg7 31. Nfe3 Nxd5 32. Nxd5 Re8 33. R1c3 Rxc7 34. Nxc7 Re7 35. Nd5 Re8 36. Nc7 Re7 1/2-1/2

[Event "CZE-chT2e 0607"]
[Site "Czech Republic"]
[Date "2007.04.15"]
[Round "11.5"]
[White "Vesely, Miroslav"]
[Black "Sohr, Vladimir"]
[Result "1/2-1/2"]
[WhiteElo "2029"]
[BlackElo "2138"]
[PlyCount "54"]
[EventDate "2006.10.15"]
[EventType "team"]
[EventRounds "11"]
[EventCountry "CZE"]
[SourceTitle "EXT 2009"]
[Source "ChessBase"]
[SourceDate "2008.11.26"]
[SourceVersion "1"]
[SourceVersionDate "2008.11.26"]
[SourceQuality "1"]

1. d4 Nf6 2. Nf3 e6 3. c4 d5 4. Nc3 c6 5. e3 Nbd7 6. Bd3 Bd6 7. h3 0-0 8. Qc2 dxc4 9. Bxc4 e5 10. 0-0 Qe7 11. Bd3 Re8 12. Ne4 Nxe4 13. Bxe4 Nf6 14. dxe5 Nxe4 15. Qxe4 Bxe5 16. Qxe5 Qxe5 17. Nxe5 Rxe5 18. Bd2 Be6 19. Bc3 Rd5 20. a3 Rad8 21. e4 Rd3 22. f3 Bb3 23. Rfe1 h5 24. h4 b6 25. Kf2 a5 26. Re3 Rd1 27. Rxd1 Rxd1 1/2-1/2

[Event "CZE-chT2e 0607"]
[Site "Czech Republic"]
[Date "2007.02.25"]
[Round "8.5"]
[White "Kasik, Miroslav1111"]
[Black "Vesely, Miroslav"]
[Result "0-1"]
[WhiteElo "2061"]
[BlackElo "2029"]
[PlyCount "114"]
[EventDate "2006.10.15"]
[EventType "team"]
[EventRounds "11"]
[EventCountry "CZE"]
[SourceTitle "EXT 2009"]
[Source "ChessBase"]
[SourceDate "2008.11.26"]
[SourceVersion "1"]
[SourceVersionDate "2008.11.26"]
[SourceQuality "1"]

1. e4 c5 2. Nf3 Nc6 3. Bb5 d6 4. c4 Bd7 5. 0-0 e5 6. Nc3 Nf6 7. d3 Be7 8. Bg5 0-0 9. Bxf6 Bxf6 10. Nd5 a6 11. Ba4 Rb8 12. Bxc6 Bxc6 13. Nxf6+ Qxf6 14. Qd2 b5 15. b3 b4 16. Qe3 a5 17. Nd2 Ra8 18. Rfd1 a4 19. Qf3 Qxf3 20. Nxf3 Rfb8 21. Ne1 Ra7 22. Nc2 Rba8 23. f3 axb3 24. axb3 Ra2 25. Rdc1 Kf8 26. Kf1 Rb2 27. Rxa8+ Bxa8 28. Ne3 Rxb3 29. Ra1 Ra3 30. Rxa3 bxa3 31. Ke1 Bc6 32. Kd2 a2 33. Nc2 Ba4 34. Na1 Ke7 35. Ke3 Kf6 36. g3 g5 37. Ke2 Kg6 38. Kd2 f5 39. exf5+ Kxf5 40. h3 h5 41. Ke3 g4 42. fxg4+ hxg4 43. h4 Bc6 44. Nc2 e4 45. d4 Ba4 46. Na1 cxd4+ 47. Kxd4 Bd1 48. Ke3 Ke5 49. Kd2 Ba4 50. Kc3 d5 51. cxd5 Kxd5 52. h5 Ke5 53. h6 Kf6 54. Kd4 Bc6 55. Ke3 Kg6 56. Kf4 Kxh6 57. Kxg4 e3 0-1

[Event "CZE-chT2e 0607"]
[Site "Czech Republic"]
[Date "2006.12.03"]
[Round "4.4"]
[White "Snevajs, Herman"]
[Black "Vesely, Miroslav"]
[Result "1-0"]
[WhiteElo "1978"]
[BlackElo "2029"]
[PlyCount "69"]
[EventDate "2006.10.15"]
[EventType "team"]
[EventRounds "11"]
[EventCountry "CZE"]
[SourceTitle "EXT 2009"]
[Source "ChessBase"]
[SourceDate "2008.11.26"]
[SourceVersion "1"]
[SourceVersionDate "2008.11.26"]
[SourceQuality "1"]

1. e4 c5 2. Nf3 Nc6 3. d4 cxd4 4. Nxd4 e5 5. Nb5 d6 6. c4 Be7 7. N1c3 a6 8. Na3 Be6 9. Nc2 Nf6 10. Be2 0-0 11. 0-0 Nd7 12. Ne3 Nd4 13. Ned5 f5 14. exf5 Bxf5 15. Be3 Nxe2+ 16. Qxe2 Rc8 17. f4 Bf6 18. g4 exf4 19. Nxf4 Bg6 20. Ne6 Qa5 21. Nxf8 Rxf8 22. Nd5 Re8 23. Qe1 Qd8 24. Qd2 Be5 25. Bg5 Bd4+ 26. Qxd4 Qxg5 27. Rae1 Ne5 28. Ne3 Nd3 29. Nf5 Ne5 30. Re4 Bxf5 31. Rxf5 Qc1+ 32. Kg2 Qc2+ 33. Rf2 Qb1 34. Ref4 Qg6 35. Qd5+ 1-0

[Event "Brno Duras BVK op-A"]
[Site "Brno"]
[Date "2006.??.??"]
[Round "8"]
[White "Gross, Stefan"]
[Black "Vesely, Miroslav"]
[Result "1-0"]
[WhiteElo "2275"]
[BlackElo "2005"]
[PlyCount "87"]
[EventDate "2006.07.??"]
[EventType "swiss"]
[EventRounds "9"]
[EventCountry "CZE"]
[SourceTitle "EXT 2008"]
[Source "ChessBase"]
[SourceDate "2007.11.25"]
[SourceVersion "1"]
[SourceVersionDate "2007.11.25"]
[SourceQuality "1"]

1. Nf3 Nf6 2. c4 g6 3. Nc3 Bg7 4. e4 d6 5. d4 0-0 6. Be2 e5 7. Be3 Nc6 8. d5 Ne7 9. Nd2 Nd7 10. b4 f5 11. f3 a5 12. bxa5 Rxa5 13. Nb3 Ra8 14. c5 Nf6 15. a4 b6 16. c6 Kh8 17. g4 Neg8 18. h4 Ba6 19. h5 f4 20. Bf2 g5 21. Nb5 Bxb5 22. Bxb5 h6 23. Qd3 Qc8 24. Rg1 Rf7 25. Ke2 Ne7 26. Bc4 Neg8 27. Nd2 Ne8 28. Ra3 Ngf6 29. Raa1 Bf8 30. Qc3 Qd8 31. a5 Rxa5 32. Rxa5 bxa5 33. Qxa5 Ng8 34. Qa7 Qf6 35. Rb1 Qg7 36. Rb8 Ngf6 37. Qa8 Re7 38. Ba6 Qf7 39. Bc8 Nxd5 40. exd5 Qxd5 41. Bf5 Qf7 42. Bg6 Qg7 43. Rxe8 Rxe8 44. Qxe8 1-0

[Event "Brno Duras BVK op-A"]
[Site "Brno"]
[Date "2006.??.??"]
[Round "6"]
[White "Hodovsky, Jiri"]
[Black "Vesely, Miroslav"]
[Result "1/2-1/2"]
[WhiteElo "2105"]
[BlackElo "2005"]
[PlyCount "29"]
[EventDate "2006.07.??"]
[EventType "swiss"]
[EventRounds "9"]
[EventCountry "CZE"]
[SourceTitle "EXT 2008"]
[Source "ChessBase"]
[SourceDate "2007.11.25"]
[SourceVersion "1"]
[SourceVersionDate "2007.11.25"]
[SourceQuality "1"]

1. e4 c5 2. Nc3 Nc6 3. Nf3 d6 4. Bb5 Bd7 5. 0-0 e5 6. d3 g6 7. Nd5 Bg7 8. c3 Nce7 9. Bxd7+ Qxd7 10. Nxe7 Nxe7 11. d4 cxd4 12. cxd4 Nc6 13. dxe5 dxe5 14. Qxd7+ Kxd7 15. Be3 1/2-1/2